• 首页
  • 本馆介绍
  • 公告通知
  • 最新文献
  • 馆藏检索
  • 电子资源
  • 读者导购
  • 参考咨询
  • 我的图书馆
  • 登录
  • 详细信息显示
  • 放入我的书架
  • 预约/预借图书
  • 作者相关作品
  • 分类相关作品
  • 丛书相关作品
  • 出版社相关作品

书目信息

  • 表格格式
  • 工作单格式
  • 卡片格式
题名:
盐的景观
    
 
作者: 秦昭 著
分册:   世界篇
出版信息: 北京   中国林业出版社  2014
页数: 246页
开本: 24cm
丛书名: 地理系列丛书
单 册:
中图分类: O611.65
科图分类:
主题词: 盐--普及读物 , 盐--地理分布--世界
电子资源:
ISBN: 978-7-5038-7296-9
000 00905oam2 2200277 450
001 012015000226
005 20151130091507.85
010    @a978-7-5038-7296-9@dCNY68.00
100    @a20150128d2014 em y0chiy50 ea
101 0  @achi
102    @aCN@b110000
105    @aa z 000yy
106    @ar
200 1  @a盐的景观@Ayan de jing guan@i世界篇@i不仅可食,还是一道风景@f秦昭著
210    @a北京@c中国林业出版社@d2014
215    @a246页@c照片@d24cm
225 2  @a地理系列丛书
300    @a地理中国
330    @a本书介绍世界各地的盐的景观,收录的内容有:“旧金山湾海盐场,大地的五彩拼图”、“石膏盐沙漠”、“死海,焦渴的等待”、“阿萨尔盐湖,非洲之角上的白色宝库”等。
410  0 @12001 @a地理系列丛书
606 0  @a盐@j普及读物
606 0  @a盐@x地理分布@y世界
690    @aO611.65@v5
701  1 @c(加)@a秦昭@Aqin zhao@4著
801  0 @aCN@b碧洲教育@c20151127
905    @a10447@f3@dO611.65@e25
    
    盐的景观.世界篇.不仅可食,还是一道风景/秦昭著.-北京:中国林业出版社,2014
    246页:照片;24cm.-(地理系列丛书)
    地理中国
    
    ISBN 978-7-5038-7296-9:CNY68.00
    本书介绍世界各地的盐的景观,收录的内容有:“旧金山湾海盐场,大地的五彩拼图”、“石膏盐沙漠”、“死海,焦渴的等待”、“阿萨尔盐湖,非洲之角上的白色宝库”等。
●
相关链接 在E读中查询图书 在五车中查询图书 在当当中查询图书 在豆瓣中查询图书


正题名:盐的景观     索取号:O611.65/25         预约/预借

序号 登录号 条形码 馆藏地/架位号 状态 备注
1 0871229   208712295   第二样本阅览室/ [索取号:O611.65/25] 在馆    
2 0871230   208712302   第三借阅区/ [索取号:O611.65/25] 在馆    
3 0871231   208712311   第三借阅区/ [索取号:O611.65/25] 在馆    
唐山师范学院图书馆 欢迎您!
大连网信软件有限公司© 版权所有